"Auch das Tote wirkt mit..." In Wilflingen verstarb Ernst Jünger im Alter von 102 Jahren
| Titel: | "Auch das Tote wirkt mit..." In Wilflingen verstarb Ernst Jünger im Alter von 102 Jahren |
|---|---|
| Verfasser: | |
| In: |
Das Ostpreußenblatt, Band 49, Heft 9 (1998), Seite 3, Abb. alle Artikel anzeigen |
| Veröffentlicht: | 1998 |
| Format: | Aufsatz |
| Sprache: | Deutsch |
X
alg: 39153940 001A $01999:11-11-16 001B $01999:28-04-17 $t14:22:27.000 001C $06050:19-11-16 $t09:17:45.000 001D $01999:11-11-16 001U $0utf8 001X $00 002@ $0Aox 003@ $039153940X 007A $039153940X $aHEB 007T $0Herd38860 010@ $ager 011@ $a1998 021A $a"Auch das Tote wirkt mit..." In Wilflingen verstarb Ernst Jünger im Alter von 102 Jahren 028A $aFischer $dPeter 031A $d49 $e9 $h3, Abb. $j1998 039B $aIn $8--Abvc--. Das @Ostpreußenblatt. - Hamburg : Landsmannschaft, 1950-2003. - ISSN 0947-9597 $x199800000490009997 $9047780835 045T $a7,41 $a8,1 lok: 39153940 78 exp: 39153940 78 1 #EPN 201B/01 $004-02-21 $t00:19:45.000 201U/01 $0utf8 203@/01 $0787633593 208@/01 $a11-11-16 $be 209A/01 $a/ $f000 $x00 220C/01 $aTitelaufnehmer: mt 244Z/01 $aGeschichte 1895-1998 $x01 244Z/01 $#Jünger, Ernst $#Jünger, Ernst $#Jünger, E. $#Juenger, Ernst $#Junger, Ernst $#Junger, Ėrnst $#Юнгер, Эрнст $#Yungā $#En si te Yun ge er $#Ensite-Yungeer $#Yungeer, Ensite $#Jünger, Ernest $#Jinger, Ernst $#Yungā, Erunsuto $#Giunnker, Ernst $#エルンスト・ユンガー $#ユンガー, エルンスト $7118558587 $8--Tp1--Jünger, Ernst$Z1895-1998 $x02 $9086899619 244Z/01 $2Trx $#lüürika $#lyrika $#Poetry $#líra $#poezja $#lyrika $#lyrika $#Poesie $#Dichtung $#liryka $#básnictvo $#poézia $#básnictví $#poezie $8--Trx--Lyrik $x03 $939135986X 244Z/01 $2Trx $8--Trx--Zeitschriftenaufsatz $x04 $9391384341 245Z/01 $a11.08 $x01 247C/01 $82080>Marburg/Lahn, Herder-Institut, Forschungsbibliothek, Bibliographieportal $9336309341
| LEADER | 00000caa a22000002c 4500 | ||
|---|---|---|---|
| 001 | 39153940X | ||
| 003 | DE-603 | ||
| 005 | 20170428142227.0 | ||
| 007 | tu | ||
| 008 | 161111s1998 xx |||| | u00||u|ger c | ||
| 035 | |a (DE-599)HEB39153940X | ||
| 040 | |a DE-603 |b ger |c DE-603 |d DE-603 | ||
| 041 | |a ger | ||
| 084 | |a 7,41 |a 8,1 |2 ssgn | ||
| 100 | 1 | |a Fischer, Peter | |
| 245 | 0 | 0 | |a "Auch das Tote wirkt mit..." In Wilflingen verstarb Ernst Jünger im Alter von 102 Jahren |
| 264 | 0 | |c 1998 | |
| 773 | 0 | 8 | |i In |t Das Ostpreußenblatt |d Hamburg : Landsmannschaft, 1950-2003 |x 0947-9597 |g Band 49, Heft 9 (1998), Seite 3, Abb. |w (DE-603)047780835 |w (DE-600)529299-2 |
| 924 | 0 | |9 2080 |a (DE-603)787633593 |b DE-2080 |c HES |d d |g / | |


